Normal view
MARC view
- Riquert, Marcelo Alfredo
Entry Nombre personal
001 - NÚMERO DE CONTROL
- campo de control: 14553
003 - IDENTIFICADOR DEL NÚMERO DE CONTROL
- campo de control: AR-SiUPM
005 - FECHA Y HORA DE LA ÚLTIMA TRANSACCIÓN
- campo de control: 20260319155612.0
008 - DATOS DE LONGITUD FIJA
- campo de control de longitud fija: 260319|| aca||aabn | a|a d
040 ## - FUENTE DE LA CATALOGACIÓN
- Centro catalogador/agencia de origen: AR-SiUPM
- Centro/agencia transcriptor: AR-SiUPM
100 ## - ENCABEZAMIENTO-NOMBRE DE PERSONA
- Nombre de persona: Riquert, Marcelo Alfredo
670 ## - FUENTE DE DATOS ENCONTRADOS
- Cita de la fuente: Work cat.: (AR-SiUPM): Riquert, Marcelo Alfredo director, Código Penal de la Nación :, 2022